000 00747 a2200289 4500
260 _aRome
260 _bWHO
260 _bFAO
245 _aUnderstanding the Codex Alimentarius
300 _a39 p.
650 _aALIMENTATION
650 _aCODEX ALIMENTARIUS
650 _aAGROALIMENTATION
650 _aNUTRITION
260 _c2004
300 _bIll., couv. ill. en coul. ; 30 cm
130 _lEn
710 _aWORLD HEALTH ORGANIZATION
710 _aFOOD AND AGRICULTURE ORGANIZATION OF THE UNITED NATIONS
250 _aRevised and updated
020 _a92-5-105332-4
999 _c32552
_d32552